Retos y reflexiones para la protección del Estado Constitucional. Una visión comparada
Uloženo v:
| Další autoři: | , , , , , |
|---|---|
| Médium: | Neznámo |
| Jazyk: | angličtina |
| Vydáno: |
Chile:
Hamurabi,
2023
|
| Vydání: | 1ª Edición |
| Témata: | |
| Tagy: |
Přidat tag
Žádné tagy, Buďte první, kdo vytvoří štítek k tomuto záznamu!
|
MARC
| LEADER | 00000 a2200000 4500 | ||
|---|---|---|---|
| 003 | CL-VaPUC | ||
| 005 | 20230510110217.0 | ||
| 008 | 230504t2023 ||||| |||| 00| 0 eng d | ||
| 999 | |c 440740 |d 440738 | ||
| 020 | |a 9789566234005 | ||
| 040 | |c Pontificia Universidad Católica de Valparaíso | ||
| 082 | 0 | 4 | |2 21 |a 342 CUE 2023 |
| 100 | |a Cueva Ruesta, Wilmer Cesar Enrique |e director |9 881974 | ||
| 245 | 1 | 0 | |a Retos y reflexiones para la protección del Estado Constitucional. Una visión comparada |
| 250 | |a 1ª Edición | ||
| 260 | |a Chile: |b Hamurabi, |c 2023 | ||
| 300 | |a 353 páginas | ||
| 490 | 0 | |n Monografías | |
| 583 | |k GC |c 20230504 | ||
| 650 | 1 | |a Protección del derecho constitucional |9 881983 | |
| 650 | 1 | |a Derechos humanos |9 223025 |x Garantías constitucionales | |
| 650 | 1 | |a Derecho administrativo |9 254851 |x Administración pública | |
| 650 | 1 | |a Derecho administrativo |x Aspectos ambientales |9 881984 | |
| 650 | 1 | |a Jurisprudencia comparada |9 255952 | |
| 650 | 1 | |a Derechos fundamentales |9 254841 |x Derecho constitucional | |
| 700 | |a Lazo Torres, Dany Daniel |e director |9 881975 | ||
| 700 | |a Guerrero Martínez, Rodolfo |e coordinador |9 881976 | ||
| 700 | |a Zúñiga Escalante, Jorge Adrián |9 881977 | ||
| 700 | |a Ruipérez Alamillo, Javier |9 881973 |e prólogo | ||
| 700 | |a Huamán Piscoya, Lina del Carmen |9 881978 | ||
| 942 | |2 ddc |c BK | ||
| 952 | |0 0 |1 0 |2 ddc |4 0 |6 342_000000000000000_CUE_2023 |7 0 |8 A |9 589850 |a BIBDER |b BIBDER |c GEN |d 2023-05-03 |e 22 |g 41999.86 |i 5657302 |l 2 |o 342 CUE 2023 |p 5657302 |r 2024-05-31 |s 2024-05-22 |t 1 |v 41999.86 |w 2023-05-03 |y BK |k DER | ||